LEADER 01187nam0 2200277 450 001 000027490 005 20100215100116.0 100 $a20100215d1981----km-y0itaa50------ba 101 0 $aita 102 $aIT 200 1 $a<> filosofia contemporanea$efilosofia della scienza, ermeneutica, filosofia del linguaggio, filosofia dell'arte, filosofia della storia, filosofia della politica, le teologie, filosofia ed economia politica$fFulvio Papi$gcontributi di Lorenzo Magnani [et al.] 210 $aBologna$cZanichelli$d1981 215 $aVI, 418 p.$d24 cm. 606 1 $aFilosofia italiana$zEtà contemporanea 676 $a195$v(21. ed.)$9Filosofia occidentale moderna. Italia 700 1$aPapi,$bFulvio$053386 702 1$aMagnani,$bLorenzo 801 0$aIT$bUniversità della Basilicata - B.I.A.$gRICA$2unimarc 912 $a000027490 996 $aFilosofia contemporanea$994558 997 $aUNIBAS BAS $aLETTERE CAT $aEXT10$b01$c20100215$lBAS01$h1000 CAT $aEXT10$b01$c20100215$lBAS01$h1001 FMT Z30 -1$lBAS01$LBAS01$mBOOK$1BASA1$APolo Storico-Umanistico$2FMAS$BFondo Masini$3FMas/817/3529$6817/3529$5B817/3529$820100215$f04$FPrestabile Didattica